000 00316nam a2200133Ia 4500
008 240624s9999 xx 000 0 und d
041 _aeng
082 _a823 HAR
100 _aHARRIS JOANNE
245 _aLOLLIPOP SHOES
260 _c2008
_aNew Delhi
_bDoubleday
300 _a587 : p. : cm. ; 22
365 _cBPS
_b20
999 _c11794
_d11794